Normal view
MARC view
- Boase, Roger.
Entry Personal Name
001 - CONTROL NUMBER
- control field: 5521
003 - CONTROL NUMBER IDENTIFIER
- control field: NUST
005 - DATE AND TIME OF LATEST TRANSACTION
- control field: 20171018180625.0
008 - FIXED-LENGTH DATA ELEMENTS
- fixed length control field: 171018|| aca||aabn | a|a d
040 ## - CATALOGING SOURCE
- Original cataloging agency: NUST
- Transcribing agency: NUST
100 ## - HEADING--PERSONAL NAME
- Personal name: Boase, Roger.
670 ## - SOURCE DATA FOUND
- Source citation: Work cat.: (NUST)0: Ahmad, Aisha. 5517, Pashtun tales :, 2003.
